000 00809nam a2200229Ia 4500
003 GCL
008 140319s9999 xx 000 0 ara d
040 _aGCL /
_cGCL
082 0 4 _a503
_bر م
100 1 _aرشدى راشد
245 1 0 _aموسوعة تاريخ العلوم العربية /
_cرشدى راشد
700 1 _aمورلون، ريجيس
700 1 _aمورلون، ريجيس
260 _aالقاهرة :
_bمركز دراسات الوحدة العربية ،
_c1997
300 _a3 مج ؛
_c24 سم
490 _aسلسلة تاريخ العلوم العربية
_v4
650 0 4 _aالعلوم
650 0 4 _aالعلوم عند العرب
650 0 4 _aالعلوم عند العرب - دوائر معارف
650 0 4 _aالعلوم - دوائر معارف
942 _2ddc
_cBK
999 _c3949
_d3949